| 000 | 00616nam a2200205Ia 4500 | ||
|---|---|---|---|
| 999 |
_c19119 _d19119 |
||
| 082 | _a302.0954 SRI-R | ||
| 100 | _aSrinivas, M.N; | ||
| 245 | 0 | _aRemembered village | |
| 260 |
_aBombay _bOxford University Press _c1976 |
||
| 300 | _a356p. | ||
| 504 | _aIncludes index | ||
| 650 | _aSocial problems - Rampura (Karnataka) | ||
| 650 | _aSociology - Rampura (Karnataka) | ||
| 650 | _aSocial structure - Rampura (Karnataka) | ||
| 650 | _aLiterary form | ||
| 650 | _aSocial change - Rampura (Karnataka) | ||
| 650 | _aCaste - Rampura (Karnataka) | ||
| 650 | _aRampura (Karnataka) - Rural conditions | ||
| 942 | _cBK | ||